<?xml version="1.0" encoding="UTF-8"?><?xml-stylesheet type="text/xsl" href="static/style.xsl"?><OAI-PMH xmlns="http://www.openarchives.org/OAI/2.0/" xmlns:xsi="http://www.w3.org/2001/XMLSchema-instance" xsi:schemaLocation="http://www.openarchives.org/OAI/2.0/ http://www.openarchives.org/OAI/2.0/OAI-PMH.xsd"><responseDate>2026-04-13T05:57:04Z</responseDate><request verb="GetRecord" identifier="oai:www.recercat.cat:10459.1/57123" metadataPrefix="marc">https://recercat.cat/oai/request</request><GetRecord><record><header><identifier>oai:recercat.cat:10459.1/57123</identifier><datestamp>2024-12-05T22:19:19Z</datestamp><setSpec>com_2072_3622</setSpec><setSpec>col_2072_479130</setSpec></header><metadata><record xmlns="http://www.loc.gov/MARC21/slim" xmlns:dcterms="http://purl.org/dc/terms/" xmlns:xsi="http://www.w3.org/2001/XMLSchema-instance" xmlns:doc="http://www.lyncode.com/xoai" xsi:schemaLocation="http://www.loc.gov/MARC21/slim http://www.loc.gov/standards/marcxml/schema/MARC21slim.xsd">
   <leader>00925njm 22002777a 4500</leader>
   <datafield ind2=" " ind1=" " tag="042">
      <subfield code="a">dc</subfield>
   </datafield>
   <datafield ind2=" " ind1=" " tag="720">
      <subfield code="a">Sorribas Tello, Albert</subfield>
      <subfield code="e">author</subfield>
   </datafield>
   <datafield ind2=" " ind1=" " tag="720">
      <subfield code="a">Hernández Bermejo, Benito</subfield>
      <subfield code="e">author</subfield>
   </datafield>
   <datafield ind2=" " ind1=" " tag="720">
      <subfield code="a">Vilaprinyo Terré, Ester</subfield>
      <subfield code="e">author</subfield>
   </datafield>
   <datafield ind2=" " ind1=" " tag="720">
      <subfield code="a">Alves, Rui</subfield>
      <subfield code="e">author</subfield>
   </datafield>
   <datafield ind2=" " ind1=" " tag="260">
      <subfield code="c">2016-05-31T08:20:18Z</subfield>
   </datafield>
   <datafield ind2=" " ind1=" " tag="260">
      <subfield code="c">2025-01-01</subfield>
   </datafield>
   <datafield ind2=" " ind1=" " tag="260">
      <subfield code="c">2007</subfield>
   </datafield>
   <datafield ind2=" " ind1=" " tag="520">
      <subfield code="a">Cooperative and saturable systems are common&#xd;
in molecular biology. Nevertheless, common canonical&#xd;
formalisms for kinetic modeling that are theoretically well&#xd;
justified do not have a saturable form. Modeling and fitting&#xd;
data from saturable systems are widely done using Hill-like&#xd;
equations. In practice, there is no theoretical justification for&#xd;
the generalized use of these equations, other than their&#xd;
ability to fit experimental data. Thus it is important to find&#xd;
a canonical formalism that is (a) theoretically well supported,&#xd;
(b) has a saturable functional form, and (c) can be&#xd;
justifiably applicable to any biochemical network. Here we&#xd;
derive such a formalism using Taylor approximations in a&#xd;
special transformation space defined by power-inverses and&#xd;
logarithms of power-inverses. This formalism is generalized&#xd;
for processes with n-variables, leading to a useful mathematical&#xd;
representation for molecular biology: the Saturable&#xd;
and Cooperative Formalism (SC formalism). This formalism&#xd;
provides an appropriate representation that can be used for&#xd;
modeling processes with cooperativity and saturation. We&#xd;
also show that the Hill equation can be seen as a special case&#xd;
within this formalism. Parameter estimation for the SC&#xd;
formalism requires information that is also necessary to&#xd;
build Power-Law models, Metabolic Control Analysis&#xd;
descriptions or (log)linear and Lin-log models. In addition,&#xd;
the saturation fraction of the relevant processes at the&#xd;
operating point needs to be considered. The practical use&#xd;
of the SC formalism for modeling is illustrated with a few&#xd;
examples. Similar models are built using different formalisms&#xd;
and compared to emphasize advantages and limitations&#xd;
of the different approaches.</subfield>
   </datafield>
   <datafield ind2=" " ind1=" " tag="520">
      <subfield code="a">A.S., E.V., and R.A. want to acknowledge the financial support of the Spanish Ministerio de Educación y Ciencia (grant BFU2005-0234). B.H.-B. would like to thank the other authors and the Universitat de Lleida for the kind hospitality and financial support provided in 2005 during a stay in which part of this work was done. RA was supported by a Ramon y Cajal award from the Spanish Ministerio de Educacion y Ciencia.</subfield>
   </datafield>
   <datafield ind1="8" ind2=" " tag="024">
      <subfield code="a">http://hdl.handle.net/10459.1/57123</subfield>
   </datafield>
   <datafield tag="653" ind2=" " ind1=" ">
      <subfield code="a">System Biology</subfield>
   </datafield>
   <datafield tag="653" ind2=" " ind1=" ">
      <subfield code="a">Mathematical modeling</subfield>
   </datafield>
   <datafield tag="653" ind2=" " ind1=" ">
      <subfield code="a">Cooperativity</subfield>
   </datafield>
   <datafield tag="653" ind2=" " ind1=" ">
      <subfield code="a">Biochemical System Theory</subfield>
   </datafield>
   <datafield ind2="0" ind1="0" tag="245">
      <subfield code="a">Cooperativity and Saturation in Biochemical Networks: A Saturable Formalism Using Taylor Series Approximations</subfield>
   </datafield>
</record></metadata></record></GetRecord></OAI-PMH>